The Weight of Love (Record no. 351487)
[ view plain ]
| 000 -LEADER | |
|---|---|
| fixed length control field | 00582nam a2200133Ia 4500 |
| 008 - FIXED-LENGTH DATA ELEMENTS--GENERAL INFORMATION | |
| fixed length control field | 171212s9999 xx 000 0 und d |
| 020 ## - INTERNATIONAL STANDARD BOOK NUMBER | |
| International Standard Book Number | 9780823272129 |
| 100 ## - MAIN ENTRY--PERSONAL NAME | |
| Personal name | Davis, Robert Glenn |
| 245 ## - TITLE STATEMENT | |
| Statement of responsibility, etc | Davis, Robert Glenn |
| Title | The Weight of Love |
| Remainder of title | Affect, Ecstasy, and Union in the Theology of Bonaventure |
| 260 ## - PUBLICATION, DISTRIBUTION, ETC. (IMPRINT) | |
| Name of publisher, distributor, etc | Fordham University Press |
| Date of publication, distribution, etc | 2017 |
| 650 ## - SUBJECT ADDED ENTRY--TOPICAL TERM | |
| Topical term or geographic name as entry element | Bonaventure, Saint, Cardinal, approximately 1217–1274; Love -- Religious aspects -- Christianity -- History of doctrines -- Middle Ages, 600–1500 |
| 650 ## - SUBJECT ADDED ENTRY--TOPICAL TERM | |
| Topical term or geographic name as entry element | Religion |
| 856 ## - ELECTRONIC LOCATION AND ACCESS | |
| Uniform Resource Identifier | <a href="http://jstor.org/stable/j.ctt1gn6b7k">http://jstor.org/stable/j.ctt1gn6b7k</a> |
| Withdrawn status | Lost status | Damaged status | Home library | Current library | Date acquired | Total Checkouts | Full call number | Date last seen | Price effective from | Koha item type |
|---|---|---|---|---|---|---|---|---|---|---|
| College Library | College Library | 12/12/2017 | B 765.B74 .D38 2017 | 12/12/2017 | 12/12/2017 | Curriculum - Based eBooks |